000
00177nam a22000977a 4500
082
_a
622.334IPI
100
_a
IPI
245
_a
Coal technology 86
300
_a
522
942
_c
BK
999
_c
15015
_d
15015